Lilo & Stitch - Characters by Picture - Statistics

General Stats
  • This quiz has been taken 318 times
  • The average score is 12 of 175
Answer Stats
Picture Answer % Correct
Stitch (X-626)
99%
Lilo Pelekai
98%
Nani Pelekai
62%
Dr. Jumba Jookiba
51%
Scrump
45%
Cobra Bubbles
37%
Agent Wendy Pleakley
36%
Angel (X-624)
36%
David Kawena
35%
Captain Gantu
33%
Mildred Pearl 'Mertle' Edmonds
29%
Leroy (X-629)
20%
Reuben (X-625)
18%
Grand Councilwoman
15%
Dr. Jacques von Hämsterviel
10%
Mrs. Lynne Hasagawa
10%
Sparky (X-221)
10%
Clip (X-177)
8%
Frenchfry (X-062)
8%
Ice Cream Man
8%
Clyde (X-150)
7%
Experiment 627
7%
Gigi (X-007)
7%
Mr. Stenchy (X-254)
7%
Victoria
7%
Bonnie (X-149)
6%
Cannonball (X-520)
6%
Fibber (X-032)
6%
Houdini (X-604)
6%
Spike (X-319)
6%
Yang (X-502)
6%
Yin (X-501)
6%
Yuki Takahashi
6%
Ace (X-262)
5%
Amnesio (X-303)
5%
Babyfier (X-151)
5%
Belle (X-248)
5%
Checkers (X-029)
5%
Digger (X-529)
5%
Doubledip (X-002)
5%
Drowsy (X-360)
5%
Dupe (X-344)
5%
Elastico (X-345)
5%
Felix (X-010)
5%
Finder (X-158)
5%
Hammerface (X-033)
5%
Heat (X-609)
5%
Hunkahunka (X-323)
5%
Keoni Jameson
5%
Kernel (X-014)
5%
Kixx (X-601)
5%
Link (X-251)
5%
Moses Puloki
5%
Mrs. Edmonds
5%
Phantasmo (X-375)
5%
PJ (X-133)
5%
Poxy (X-222)
5%
Richter (X-513)
5%
Sample (X-258)
5%
Shoe (X-113)
5%
Shortstuff (X-297)
5%
Sinker (X-602)
5%
Skip (X-089)
5%
Slugger (X-608)
5%
Slushy (X-523)
5%
Splodyhead (X-619)
5%
Spooky (X-300)
5%
Swapper (X-355)
5%
Swirly (X-383)
5%
Wishy-Washy (X-267)
5%
Yaarp (X-612)
5%
Boomer (X-288)
4%
Cyber (X-000)
4%
Fudgy (X-054)
4%
Glitch (X-223)
4%
Gotchu (X-031)
4%
Heckler (X-322)
4%
Hocker (X-051)
4%
Holio (X-606)
4%
Jam (X-202)
4%
Lax (X-285)
4%
Manners (X-358)
4%
Melty (X-228)
4%
Mrs. Sickly (X-255)
4%
Mulch (X-111)
4%
Nosox (X-204)
4%
Nosy (X-199)
4%
Plasmoid (X-617)
4%
Pop (X-009)
4%
Shredder (X-134)
4%
Slick (X-020)
4%
Slimy (X-390)
4%
Snafu (X-120)
4%
Sprout (X-509)
4%
Squeak (X-110)
4%
Stopgo (X-102)
4%
Susan Hegarty
4%
Woops (X-600)
4%
Zap (X-603)
4%
Backhoe (X-040)
3%
Blowhard (X-533)
3%
Bragg (X-145)
3%
Carmen (X-123)
3%
Deforestator (X-515)
3%
Dorkifier (X-122)
3%
Hertz Donut (X-022)
3%
Morpholomew (X-316)
3%
Mr. Wong
3%
Phoon (X-540)
3%
Ploot (X-505)
3%
Poki (X-036)
3%
Remmy (X-276)
3%
Retro (X-210)
3%
Shrink (X-001)
3%
Shush (X-234)
3%
Snooty (X-277)
3%
Spats (X-397)
3%
Splat (X-519)
3%
Sproing (X-249)
3%
Tank (X-586)
3%
Thresher (X-544)
3%
Toons (X-112)
3%
Topper (X-025)
3%
Woody (X-507)
3%
Ani
2%
Aunt Stacy
2%
Butter (X-227)
2%
Clink (X-086)
2%
Dark End
2%
Derrick (X-566)
2%
Elena Chapman
2%
Huggo (X-489)
2%
Mr. Jameson
2%
Scratch
2%
Stamen (X-103)
2%
Teresa Baxter
2%
Witch (X-610)
2%
Yuna Kamihara
2%
Zawp (X-077)
2%
BooGoo
1%
Delia
1%
Dim Long
1%
Dolores
1%
Gramma
1%
Jessica
1%
Kijimuna
1%
Lorider (X-047)
1%
Makiko
1%
Marvin
1%
Mashy (X-225)
1%
Millie (X-220)
1%
Ms. Kawasaki
1%
Officer Kahiko
1%
Officer Suzuki
1%
Penny
1%
Taro
1%
Ted
1%
Tickle-Tummy (X-275)
1%
Tigerlily Sakai
1%
Tombo
1%
Toriko
1%
Welko (X-074)
1%
Wormhole (X-272)
1%
Daiyu
0%
Hiroman
0%
J.J.
0%
Kenny
0%
Meiying
0%
Mr. Kamihara
0%
Mr. Matsuda
0%
Mr. Meade
0%
Qian Dahu
0%
Sasha
0%
Wang Ai Ling
0%
Wang Jiejie
0%
No matching quizzes found
Score Distribution
Percent of People with Each Score
Percentile by Number Answered
Your Score History
You have not taken this quiz